00642nam a22001817a 4500003000400000005001700004008004100021020002200062040002900084050002200113100002800135245005300163260003800216300003000254650007200284650005100356650005300407OSt20260525164810.0260525b |||||||| |||| 00| 0 eng d a978-1-4165-4677-1 cChuka University Library aPR 2976 .A44 2006 aAlexander M S Catherine aShakespearebThe life, the works , the treasures aNew York bSimon & Schusterc2006 a63bColored illustrations aShakespeare, William, 1564, 1616.......criticism and interpretation aShakespeare William, 1564,1616......influence  aGreat Britain.....history....Elizabeth,1558-1603